LEADER 01164nam a2200277 i 4500 001 991001859229707536 008 060918s1996 azu b s000 0 eng d 020 $a0816516995 035 $ab13438633-39ule_inst 040 $aDi.S.Te.B.A.$beng 082 00$a578.7$222 084 $aLC QH81.T87 100 1 $aTurner, Jack,$d1942-$0624308 245 14$aThe abstract wild /$cJack Turner 260 $aTucson :$bUniversity of Arizona Press,$cc1996 300 $axvii, 136 p. ;$c24 cm 504 $aIncludes bibliographical references (p. [131]-136) 505 0 $aThe maze and aura ; The abstract wild : a rant ; Mountain lions ; Economic nature ; The song of the white pelican ; In wildness is the preservation of the world ; The importance of peacock ; Wildness and the defense of nature 650 0$aNature 650 0$aDeep ecology$xPhilosophy 907 $a.b13438633$b07-12-06$c18-09-06 912 $a991001859229707536 945 $aLE003 578.7 TUR01.01 (1996)$g1$i2003000090703$lle003$op$pE21.57$q-$rl$s- $t0$u0$v0$w0$x0$y.i14331688$z06-12-06 996 $aAbstract wild$91098180 997 $aUNISALENTO 998 $ale003$b18-09-06$cm$da $e-$feng$gazu$h4$i0 LEADER 04762nam 2200745 450 001 9910797011603321 005 20230807214327.0 010 $a3-11-036855-2 010 $a3-11-039263-1 024 7 $a10.1515/9783110368550 035 $a(CKB)3710000000393007 035 $a(EBL)1692426 035 $a(SSID)ssj0001459315 035 $a(PQKBManifestationID)11822125 035 $a(PQKBTitleCode)TC0001459315 035 $a(PQKBWorkID)11456694 035 $a(PQKB)11395837 035 $a(MiAaPQ)EBC1692426 035 $a(DE-B1597)429101 035 $a(OCoLC)906058496 035 $a(OCoLC)961517823 035 $a(DE-B1597)9783110368550 035 $a(Au-PeEL)EBL1692426 035 $a(CaPaEBR)ebr11049252 035 $a(CaONFJC)MIL807071 035 $a(OCoLC)907442662 035 $a(EXLCZ)993710000000393007 100 $a20141218h20152015 uy| 0 101 0 $aeng 135 $aur|nu---|u||u 181 $ctxt 182 $cc 183 $acr 200 00$aLiterature and human rights $ethe law, the language and the limitations of human rights discourse /$fedited by Ian Ward 210 1$aBerlin ;$aBoston :$cDe Gruyter,$d[2015] 210 4$d©2015 215 $a1 online resource (342 p.) 225 1 $aLaw & literature ;$vVolume 9 300 $aDescription based upon print version of record. 311 $a3-11-055302-3 311 $a3-11-037410-2 320 $aIncludes bibliographical references and index. 327 $tFront matter --$tContents --$tLiterature and Human Rights: Interdisciplinary Reflections on the Law, the Language and the Limitations of Human Rights Discourse --$tEmpathy, Literature and Human Rights: The Case of Elliot Perlman, The Street Sweeper /$rPorsdam, Helle --$tPrivacy, Blighted Lives, and a Blindspot in British Law /$rMullender, Richard --$tA Squeamishness about Existing: Fernando Pessoa's Quiet Rejection of the Human in The Book of Disquiet /$rAristodemou, Maria --$tI and Another: Rethinking the Subject of Human Rights with Dostoyevsky, Bakhtin and Simondon /$rBaldissone, Riccardo --$tDehumanizing the Enemy: How to Avoid Human Rights /$rCarpi, Daniela --$tAm I not a man and a brother? /$rBellman, Patrizia Nerozzi --$tMental Illness and Human Rights in Patrick McGrath's Asylum /$rBattisti, Chiara --$tThe Role of Forensics in Human Rights Discourse: Kathy Reichs's Crime Fiction and the Rights of the Dead /$rFiorato, Sidia --$tRumpole and the Rights of Accused Terrorists /$rDoerr, Roxanne Barbara --$tReality, Theatre and Human Rights /$rDente, Carla --$tThe Rights and Wrongs of Marriage: Article 16.2 UDHR and the Case of Edith Dombey /$rWard, Ian --$tManju Kapur's Difficult Daughters and the Cause of Female Literacy in India /$rCarbone, Paola --$tThe Trial of Jomo Kenyatta, by Montagu Slater: Oral Tradition and Fundamental Rights in the Trial /$rLanzoni, Lisa --$t'n Droë Wit Seisoen in die Stormkaap: André Brink and the Fundamental Rights of the Afrikaners in Apartheid South Africa /$rNicolini, Matteo --$tThe Definition of "Linguistic Minority" /$rTomaselli, Alessandra / Panzeri, Lino --$tRights of Humans/Rights of Nature: The Language of Environmental Rights in UN Documents /$rAdami, Valentina --$tOn Crimes, Punishments, and Words: Legal and Language Issues in Cesare Beccaria's Works /$rLogaldo, Mara --$tDignity and Disgrace in Law and Literature /$rGaakeer, Jeanne --$tContributors --$tIndex 330 $aThe idea of human rights is not new. But the importance of taking rights seriously has never been more urgent. The eighteen essays which comprise Literature and Human Rights are written as a contribution to this vital debate. Each moreover is written in the spirit of interdisciplinarity, reaching across the myriad constitutive disciplines of law, literature and the humanities in order to present an array of alternative perspectives on the nature and meaning of human rights in the modern world. The taking of human rights seriously, it will be suggested, depends just as much on taking seriously the idea of the human as it does the idea of rights. 410 0$aLaw & literature (De Gruyter) ;$vVolume 9. 606 $aHuman rights in literature 606 $aLaw and literature 606 $aHuman rights$xLanguage 610 $aLiterature. 610 $ahuman rights. 610 $alanguage. 610 $alaw. 615 0$aHuman rights in literature. 615 0$aLaw and literature. 615 0$aHuman rights$xLanguage. 676 $a809/.933581 686 $aEC 2460$2rvk 702 $aWard$b Ian$f1963- 801 0$bMiAaPQ 801 1$bMiAaPQ 801 2$bMiAaPQ 906 $aBOOK 912 $a9910797011603321 996 $aLiterature and human rights$93717470 997 $aUNINA LEADER 05344nam 2200637Ia 450 001 9911006614903321 005 20200520144314.0 010 $a1-282-12114-6 010 $a9786612121142 010 $a0-08-095714-5 035 $a(CKB)1000000000748881 035 $a(EBL)535280 035 $a(OCoLC)500831993 035 $a(SSID)ssj0000129337 035 $a(PQKBManifestationID)11147673 035 $a(PQKBTitleCode)TC0000129337 035 $a(PQKBWorkID)10070765 035 $a(PQKB)11043525 035 $a(MiAaPQ)EBC535280 035 $a(PPN)169762165 035 $a(EXLCZ)991000000000748881 100 $a20090305d2009 uy 0 101 0 $aeng 135 $aur|n|---||||| 181 $ctxt 182 $cc 183 $acr 200 00$aConstruction delays $eunderstanding them clearly, analyzing them correctly /$fTheodore J. Trauner, Jr. ... [et al.] 205 $a2nd ed. 210 $aAmsterdam ;$aBoston $cButterworth-Heinemann$dc2009 215 $a1 online resource (295 p.) 300 $aPrevious ed.: Construction delays : documenting causes, winning claims, recovering costs / Theodore J. Trauner, Jr. 300 $aIncludes index. 311 $a0-12-811243-3 311 $a1-85617-677-0 327 $aFront Cover; Construction Delays; Copyright Page; Dedication; Contents; Foreword; Acknowledgments; Introduction to Second Edition; Chapter 1: Project Scheduling; The Project Schedule; The Purpose of a Project Schedule; Types of Project Schedules; What Is the Contemporaneous Schedule?; What is the Critical Path?; What Is Float?; Redefining the Critical Path; Who Owns Float?; Reviewing and Approving the As-Planned Project Schedule; Reviewing and Approving Schedule Updates; Early Completion Schedules; Chapter 2: Types of Construction Delays; What is a Delay?; Critical Versus Noncritical Delays 327 $aExcusable Versus Nonexcusable DelaysCompensable Versus Noncompensable Delays; Concurrent Delays; Chapter 3: Measuring Delays-The Basics; The Importance of Perspective; Use the Contemporaneous Schedule to Measure Delay; Do Not Create Schedules After the Fact to Measure Delays; What to Do When There Is No Schedule; What Is the As-Planned Schedule?; What is As-Built Information?; The Importance of the Critical Path; Underlying Principles for Analyzing a Schedule for Delays; The Unique Position of Subcontractors; Chapter 4: Delay Analysis Using Bar Chart Schedules; Defining the Critical Path 327 $aQuantifying Delays Using Bar Chart SchedulesChapter 5: Delay Analysis Using CPM Schedules; Using CPM Schedules to Measure Delays; Identifying the As-Planned Schedule; Correcting Versus Leaving Errors; CPM Schedules and the Critical Path; Identifying Schedule Updates for the Purpose of Measuring Delays; Use of Scheduling Software and Other Software Tools in the Quantification of Delays; Chapter 5 Examples; Chapter 6: Delay Analysis Using No Schedules; Use of Contemporaneous Documents for Sequence and Timing; Using an As-Built Analysis to Quantify Delays 327 $aChapter 7: Other Analysis Techniques-Their Strengths and WeaknessesUsing Fragnets to Quantify Delays; Windows Techniques; Impacted As-Planned Analyses; Collapsed As-Built Analyses; Analyses Based on Dollars; But For Schedules, Analyses, and Arguments; Chapter 8: The Owner's Damages Due to Delay; Liquidated Damages; Actual Damages; Chapter 9: The Contractor's Damages Due to Delay; General Guidelines for the Presentation and Recovery of Damages; Types of Delay Damages; Escalation of Labor Costs; Equipment Costs; Material Costs; Other Delay Costs; Chapter 10: Home Office Overhead 327 $aWhat is Home Office Overhead?Effects of Delays on Home Office Costs; Eichleay Formula; Canadian Method; Calculation Using Actual Records; Net Present Value Analysis; Chapter 11: Inefficiency Caused by Delay; What Is Inefficiency?; Ways That Delay Can Lead to Inefficiencies; Quantifying Inefficiency; Quantifying the Costs of Inefficiency; Chapter 12: Acceleration; What Is Acceleration?; Why Is a Project Accelerated?; Constructive Acceleration; How Is a Project Accelerated?; Quantifying the Time Savings Associated with Acceleration; Quantifying the Costs of Acceleration 327 $aChapter 13: Other Categories of Delay Damages 330 $aDelays in construction projects are frequently expensive, since there is usually a construction loan involved which charges interest, management staff dedicated to the project whose costs are time dependent, and ongoing inflation in wage and material prices. Many techniques are used to analyze delays. Some of these methods have inherent weaknesses and should be avoided. This book points out the shortcomings of these faulty methods and explains how a delay analysis should be performed. It then describes specifically how the analysis is done with CPM schedules. A explanation of delays and delay 606 $aConstruction industry$xManagement 606 $aProduction scheduling 615 0$aConstruction industry$xManagement. 615 0$aProduction scheduling. 676 $a692 676 $a692 701 $aTrauner$b Theodore J$0544203 801 0$bMiAaPQ 801 1$bMiAaPQ 801 2$bMiAaPQ 906 $aBOOK 912 $a9911006614903321 996 $aConstruction delays$94392824 997 $aUNINA